| 000 | 00943nam a2200253 a 4500 | ||
|---|---|---|---|
| 001 | 000007223 | ||
| 005 | 20240410184606.0 | ||
| 008 | 090907s2001 dr a 000 0 spa d | ||
| 020 | _a9993485306 | ||
| 040 |
_aDO-SdBNP _bspa _cBNPHU |
||
| 082 |
_a617.6 _bO26c |
||
| 245 | 0 | 0 |
_aOdontología clínica práctica contemporánea / _ceditor Domingo Santos Pantaleón. |
| 260 |
_aSanto Domingo : _bIOES, _c2001. |
||
| 300 |
_a361 p. : _bil. ; _c23 cm. |
||
| 504 | _aIncluye referencias bibliográficas y notas al pie de las páginas | ||
| 504 | _aIncluye bibliografías al final de los capítulos | ||
| 590 | _aInventariado,2018/DG | ||
| 650 | 0 |
_aODONTOLOGÍA _920035 |
|
| 650 | 4 |
_aPrótesis dental _920036 |
|
| 650 | 4 |
_aIncrustaciones dentales _920037 |
|
| 700 | 1 |
_aSantos Pantaleón, Domingo, _eed. _920038 |
|
| 710 | 1 |
_aRepública Dominicana. _bInstituto Odontológico de Especialidades _920039 |
|
| 910 | _aValidado. Control de calidad. MMOLINA | ||
| 999 |
_c7004 _d7004 |
||